Architektur des Krieges und Geist der Romantik : Studien zur Festungsarchitektur des frühen 19. Jahrhunderts, dargestellt am Beispiel der Festung Koblenz
Saved in:
| Main Author: | |
|---|---|
| Document Type: | Thesis Book |
| Language: | German |
| Published: |
Lahnstein
: Imprimatur-Verl. Kring
, 2000
|
| Subjects: | |
| Online Access: | Inhaltsverzeichnis Inhaltsverzeichnis |
| Related Items: | Rezension:
[Rezension von: Dieter Marcos, Architektur des Krieges & Geist der Romantik] |
| Author Notes: | Dieter Marcos |
| LEADER | 03543cam a2200817 c 4500 | ||
|---|---|---|---|
| 001 | 320782611 | ||
| 003 | DE-627 | ||
| 005 | 20260511095411.0 | ||
| 007 | tu | ||
| 008 | 001018s2000 gw ||||| m 00| ||ger c | ||
| 015 | |a 00,N44,0363 |2 dnb | ||
| 015 | |a 02,A24,0960 |2 dnb | ||
| 016 | 7 | |a 959921443 |2 DE-101 | |
| 020 | |a 3980736113 |q brosch. : DM 52.00 |9 3-9807361-1-3 | ||
| 035 | |a (DE-627)320782611 | ||
| 035 | |a (DE-603)094046840 | ||
| 035 | |a (DE-576)088047822 | ||
| 035 | |a (DE-599)GBV320782611 | ||
| 035 | |a (OCoLC)723030310 | ||
| 035 | |a (OCoLC)723030310 | ||
| 035 | |a (OCoLC)49228684 | ||
| 035 | |a (OCoLC)247975592 | ||
| 040 | |a DE-627 |b ger |c DE-627 |e rakwb | ||
| 041 | |a ger | ||
| 044 | |c XA-DE |c XA-DE-RP | ||
| 050 | 0 | |a UG430.K59 | |
| 084 | |a 45 |a 63 |2 sdnb | ||
| 084 | |a 9,10 |2 ssgn | ||
| 084 | |a 21.60 |2 bkl | ||
| 100 | 1 | |a Marcos, Dieter |d 1960- |0 (DE-588)1051170885 |0 (DE-627)785858881 |0 (DE-576)40601843X |4 aut | |
| 245 | 1 | 0 | |a Architektur des Krieges und Geist der Romantik |b Studien zur Festungsarchitektur des frühen 19. Jahrhunderts, dargestellt am Beispiel der Festung Koblenz |c Dieter Marcos |
| 263 | |a brosch. : DM 52.00 | ||
| 264 | 1 | |a Lahnstein |b Imprimatur-Verl. Kring |c 2000 | |
| 300 | |a 160 S. |b Ill. |c 24 cm | ||
| 336 | |a Text |b txt |2 rdacontent | ||
| 337 | |a ohne Hilfsmittel zu benutzen |b n |2 rdamedia | ||
| 338 | |a Band |b nc |2 rdacarrier | ||
| 502 | |a Zugl.: Freiburg i. Br., Univ., Diss., 2000 | ||
| 583 | 1 | |a Archivierung/Langzeitarchivierung gewährleistet |c 20211213 |f DISS |x XA-DE-BW |2 pdager |5 DE-25 | |
| 583 | 1 | |a Archivierung/Langzeitarchivierung gewährleistet |f SSG |x XA-DE-BW |2 pdager |5 DE-16 | |
| 583 | 1 | |a Archivierung prüfen |c 20240324 |f DE-4165 |z 1 |2 pdager | |
| 648 | 7 | |a Geschichte |2 gnd | |
| 650 | 0 | |a Fortification |x Germany | |
| 650 | 0 | |a Fortification |x Germany |x Koblenz | |
| 650 | 0 | |a Romanticism in architecture |x Germany |x Koblenz | |
| 650 | 0 | |a Military architecture |x Germany |x Koblenz | |
| 650 | 0 | |a Historic buildings |x Germany | |
| 650 | 0 | |a Historic buildings |x Germany |x Koblenz | |
| 650 | 0 | 7 | |0 (DE-588)4016934-0 |0 (DE-627)104152338 |0 (DE-576)208917810 |a Festung |2 gnd |
| 651 | 0 | |a Koblenz (Germany) |x Buildings, structures, etc | |
| 651 | 7 | |0 (DE-588)4098580-5 |0 (DE-627)105951145 |0 (DE-576)209344512 |a Koblenz-Ehrenbreitstein |2 gnd | |
| 653 | 0 | |a Festung Koblenz (Koblenz, Germany) | |
| 655 | 7 | |a Hochschulschrift |0 (DE-588)4113937-9 |0 (DE-627)105825778 |0 (DE-576)209480580 |2 gnd-content | |
| 689 | 0 | 0 | |d g |0 (DE-588)1219972703 |0 (DE-627)1736083198 |0 (DE-576)193897105 |a Festung Ehrenbreitstein |g Koblenz |2 gnd |
| 689 | 0 | 1 | |a z |2 gnd |a Geschichte |
| 689 | 0 | |5 DE-101 | |
| 689 | 1 | 0 | |a z |2 gnd |a Geschichte 1815-1831 |
| 689 | 1 | |5 (DE-627) | |
| 751 | |a Freiburg im Breisgau |0 (DE-588)4018272-1 |0 (DE-627)106326686 |0 (DE-576)208923535 |4 uvp | ||
| 787 | 0 | 8 | |i Rezension |a Dollen, Busso von der, 1938 - 2022 |t [Rezension von: Dieter Marcos, Architektur des Krieges & Geist der Romantik] |d Braubach : Europäisches Burgeninstitut, 2005 |w (DE-627)1679032569 |
| 856 | 4 | 2 | |u http://d-nb.info/959921443/04 |m B:DE-101 |q pdf/application |v 20161126003402 |x Verlag |3 Inhaltsverzeichnis |7 1 |
| 856 | 4 | 2 | |u http://scans.hebis.de/HEBCGI/show.pl?09404684_toc.pdf |m V:DE-605;X:Imageware |q application/pdf |3 Inhaltsverzeichnis |7 1 |
| 936 | b | k | |a 21.60 |j Baugeschichte: Allgemeines |0 (DE-627)106421247 |
| 936 | s | n | |a z210 |2 mzub |
| 936 | s | n | |a n100 |2 mzub |
| 951 | |a BO | ||
| 990 | |a Festung Ehrenbreitstein | ||
| 990 | |a Geschichte | ||
| 990 | |a Geschichte 1815-1831 | ||
| 991 | |a Rezensiertes Werk | ||
| 999 | |a KXP-PPN320782611 |e 4013478633 | ||


